The intimate marriage. (Record no. 14571)

000 -LEADER
fixed length control field 00618nam a2200205 a 4500
001 - CONTROL NUMBER
control field :::00012403$&:&@@
003 - CONTROL NUMBER IDENTIFIER
control field OkBaRHE
005 - DATE AND TIME OF LATEST TRANSACTION
control field 20000607103419.0
008 - FIXED-LENGTH DATA ELEMENTS--GENERAL INFORMATION
fixed length control field s1970 j 000 0 eng u
040 ## - CATALOGING SOURCE
Transcribing agency
100 1# - MAIN ENTRY--PERSONAL NAME
Personal name Clinebell, Howard John, 1922-
245 14 - TITLE STATEMENT
Title The intimate marriage.
250 ## - EDITION STATEMENT
Edition statement [1st ed.]
260 ## - PUBLICATION, DISTRIBUTION, ETC. (IMPRINT)
Place of publication, distribution, etc New York, NY., :
Name of publisher, distributor, etc Harper & Row
Date of publication, distribution, etc c1970
300 ## - PHYSICAL DESCRIPTION
Extent xviii, 231 p. ;
Dimensions 21 cm.
650 ## - SUBJECT ADDED ENTRY--TOPICAL TERM
Topical term or geographic name as entry element Marriage
700 ## - ADDED ENTRY--PERSONAL NAME
Personal name Clinebell, Charlotte H., Joint author.
942 ## - ADDED ENTRY ELEMENTS (KOHA)
Source of classification or shelving scheme
Koha item type Books
Copies
Full call number Not for loan Date acquired Lost status Date last seen Copy number Permanent Location Koha item type Barcode Price effective from Damaged status Shelving location Source of classification or shelving scheme Withdrawn status
HQ 728 .C49 2010-04-14 2010-04-141RHEMA Bible Training CollegeBooks124032010-04-14 General Stacks